Statistics for Biggest city to province - Medium

Click here to take the quiz!

General Stats

  • This quiz has been taken 13 times
  • The average score is 10 of 15

Answer Stats

HintAnswer% Correct
North CarolinaCharlotte
100%
TasmaniaHobart
100%
PiedmontTurin
100%
AndalusiëSeville
91%
North Rhine-WestphaliaCologne
82%
YorkshireLeeds
82%
YucatanMerida
73%
BrittanyRennes
73%
Uttar PradeshLucknow
64%
North SumatraMedan
64%
SaskatchewanSaskatoon
64%
ScaniaMalmö
45%
OkinawaNaha
45%
State of ParáBelem
36%
FujianXiamen
27%

Score Distribution

Percentile by Number Answered

Percent of People with Each Score

Your Score History

You have not taken this quiz